[Event "Malatya Golden Apricot op 7th"]
[Site "Malatya"]
[Date "2024.08.30"]
[Round "7"]
[White "Odeev, Handszar"]
[Black "Darban Vaighani, Morteza"]
[Result "1-0"]
[WhiteElo "2245"]
[BlackElo "2276"]
[PlyCount "91"]
[EventDate "2024.08.26"]
[EventType "swiss"]
[EventRounds "9"]
[EventCountry "TUR"]
[SourceTitle "EXT 2025"]
[Source "ChessBase"]
[SourceDate "2024.10.14"]
[SourceVersion "1"]
[SourceVersionDate "2024.10.14"]
[SourceQuality "1"]

1. e4 Nf6 2. e5 Nd5 3. d4 d6 4. Nf3 g6 5. c4 Nb6 6. exd6 cxd6 7. h3 Bg7 8. Nc3 0-0 9. Be3 Bf5 10. Rc1 d5 11. c5 Nc4 12. Bxc4 dxc4 13. 0-0 Bd3 14. Re1 Nc6 15. b3 Qa5 16. bxc4 Bxc4 17. Nd2 Ba6 18. Nb3 Qc7 19. d5 Rad8 20. Qf3 Ne5 21. Qg3 Qc8 22. Bg5 Nd3 23. d6 exd6 24. Nd5 Qb8 25. c6 bxc6 26. Ne7+ Kh8 27. Nxc6 Qa8 28. Nxd8 Nxe1 29. Rxe1 f6 30. Ne6 fxg5 31. Nxf8 Qxf8 32. Qxg5 Be5 33. Rxe5 dxe5 34. Qxe5+ Qg7 35. Qb8+ Qg8 36. Qxa7 Qe6 37. Qb8+ Kg7 38. Nc5 Qe1+ 39. Kh2 Bc4 40. Qc7+ Kg8 41. Nd7 Qb4 42. Nf6+ Kf8 43. Nxh7+ Kg8 44. Nf6+ Kf8 45. Nd7+ Ke8 46. Qc8+ 1-0

[Event "Malatya Golden Apricot op 7th"]
[Site "Malatya"]
[Date "2024.08.28"]
[Round "4"]
[White "Maghsoudloo, Amir Ali"]
[Black "Odeev, Handszar"]
[Result "1/2-1/2"]
[WhiteElo "2133"]
[BlackElo "2245"]
[PlyCount "215"]
[EventDate "2024.08.26"]
[EventType "swiss"]
[EventRounds "9"]
[EventCountry "TUR"]
[SourceTitle "EXT 2025"]
[Source "ChessBase"]
[SourceDate "2024.10.14"]
[SourceVersion "1"]
[SourceVersionDate "2024.10.14"]
[SourceQuality "1"]

1. e4 c5 2. Nf3 d6 3. Bb5+ Nd7 4. 0-0 a6 5. Bd3 Ngf6 6. c3 e5 7. Bc2 Be7 8. d4 b5 9. d5 c4 10. a4 Rb8 11. axb5 axb5 12. Be3 Ng4 13. Ba7 Ra8 14. h3 Nxf2 15. Qe1 Nd3 16. Bxd3 cxd3 17. Nbd2 0-0 18. Bf2 Rxa1 19. Qxa1 f5 20. Qb1 Nf6 21. Qxd3 fxe4 22. Nxe4 Nxe4 23. Qxe4 Qe8 24. Kh2 Qh5 25. Bg3 g5 26. Nd2 g4 27. Rxf8+ Kxf8 28. Qe2 Qh6 29. Qf2+ Kg8 30. h4 Bb7 31. c4 bxc4 32. Nxc4 Bxd5 33. Ne3 Be6 34. b4 Qg6 35. b5 Qb1 36. Qe2 Qb3 37. Nxg4 Qb4 38. Nh6+ Kg7 39. Qh5 Qxb5 40. Nf5+ Bxf5 41. Qxf5 Qe8 42. Be1 Qf7 43. Qg4+ Qg6 44. Qd7 Kf7 45. Qb7 e4 46. Qd5+ Ke8 47. Qc6+ Kf8 48. Qc8+ Kf7 49. Bf2 Qe6 50. Qh8 Qh6 51. Qd4 Bxh4 52. Qd5+ Kg7 53. Qb7+ Be7+ 54. Kg1 Qc1+ 55. Kh2 Qf4+ 56. Bg3 Qh6+ 57. Kg1 Qe6 58. Kf2 Kg6 59. Qc6 h5 60. Bf4 Kf5 61. Be3 Bf6 62. Qb5+ d5 63. Qb8 Kg6 64. Qf8 Bg7 65. Qc5 Qf6+ 66. Kg1 d4 67. Bf2 e3 68. Bxe3 dxe3 69. Qxe3 Qa1+ 70. Kh2 Be5+ 71. g3 Qa2+ 72. Kh3 Qd5 73. Qb6+ Kg5 74. Qe3+ Kf5 75. Qf2+ Ke6 76. Qb6+ Kd7 77. Qa7+ Kc8 78. Qa6+ Kd7 79. Qa7+ Bc7 80. Qa4+ Kc8 81. Qa6+ Kb8 82. Qf1 Qe6+ 83. Kg2 Qg6 84. Qf8+ Kb7 85. Qb4+ Kc8 86. Qc3 Qg8 87. Qf3 Qg4 88. Qf8+ Kd7 89. Qf7+ Kc6 90. Qf3+ Kb6 91. Qb3+ Ka6 92. Qa3+ Kb7 93. Qf3+ Kc8 94. Qf8+ Bd8 95. Qc5+ Kd7 96. Qd5+ Ke8 97. Qc6+ Kf8 98. Qf3+ Kg7 99. Qb7+ Kg6 100. Qb1+ Kh6 101. Qc1+ Kg7 102. Qb2+ Bf6 103. Qb7+ Kh6 104. Qf3 Qe6 105. Qf4+ Kg6 106. Qf3 Qc4 107. Kh3 Qc2 108. g4 1/2-1/2

[Event "Troya op 29th"]
[Site "Canakkale"]
[Date "2024.08.22"]
[Round "7"]
[White "Odeev, Handszar"]
[Black "Darban Vaighani, Morteza"]
[Result "0-1"]
[WhiteElo "2245"]
[BlackElo "2276"]
[PlyCount "58"]
[EventDate "2024.08.18"]
[EventType "swiss"]
[EventRounds "9"]
[EventCountry "TUR"]
[SourceTitle "CBM 221 Extra"]
[Source "ChessBase"]
[SourceDate "2024.09.30"]
[SourceVersion "1"]
[SourceVersionDate "2024.09.30"]
[SourceQuality "1"]

1. e4 c5 2. Nf3 e6 3. d4 cxd4 4. Nxd4 a6 5. Nc3 Qc7 6. Be3 Bb4 7. Nde2 Nf6 8. a3 Be7 9. Na4 Nc6 10. Nb6 Rb8 11. Nc3 Ne5 12. Be2 d6 13. a4 0-0 14. a5 Bd7 15. f4 Ng6 16. h4 Rfe8 17. h5 Nf8 18. Qd3 Bc6 19. 0-0-0 d5 20. exd5 exd5 21. h6 g6 22. f5 Bd6 23. Bd4 Be5 24. fxg6 hxg6 25. Rdf1 Ne6 26. Bxe5 Qxe5 27. Qf3 Nd4 28. Qxf6 Nxe2+ 29. Kd2 Qe3+ 0-1

[Event "Ankara Baskent Univ op 6th"]
[Site "Ankara"]
[Date "2023.08.19"]
[Round "8"]
[White "Petriashvili, Nikoloz"]
[Black "Odeev, Handszar"]
[Result "1-0"]
[WhiteElo "2458"]
[BlackElo "2253"]
[PlyCount "79"]
[EventDate "2023.08.15"]
[EventType "swiss"]
[EventRounds "9"]
[EventCountry "TUR"]
[SourceTitle "CBM 215 Extra"]
[Source "ChessBase"]
[SourceDate "2023.09.30"]
[SourceVersion "1"]
[SourceVersionDate "2023.09.30"]
[SourceQuality "1"]

1. Nf3 c5 2. b3 d6 3. c4 e5 4. d3 g6 5. Bb2 Bg7 6. g3 Ne7 7. Bg2 0-0 8. Nc3 Nbc6 9. 0-0 h6 10. Nd2 Be6 11. Rc1 Qd7 12. Re1 b6 13. a3 d5 14. e4 dxc4 15. dxc4 Nd4 16. Nd5 Rad8 17. b4 cxb4 18. axb4 b5 19. Bxd4 exd4 20. Nb3 Bxd5 21. cxd5 Qd6 22. Qd2 Qb6 23. Nc5 Rfe8 24. Ra1 Nc8 25. f4 Nd6 26. e5 Nf5 27. Be4 Ne3 28. Qxd4 Nc4 29. Ra6 Qb8 30. Qf2 g5 31. d6 Nb6 32. Qa2 Qc8 33. Rxa7 Rf8 34. Rc7 Qg4 35. Qe2 Qh3 36. Bg2 Qf5 37. Qe4 Qg4 38. Bf3 Qh3 39. f5 h5 40. Bg2 1-0

[Event "Ankara Baskent Univ op 6th"]
[Site "Ankara"]
[Date "2023.08.15"]
[Round "1"]
[White "Teimouri Yadkuri, Shahdad"]
[Black "Odeev, Handszar"]
[Result "1-0"]
[WhiteElo "2011"]
[BlackElo "2253"]
[PlyCount "145"]
[EventDate "2023.08.15"]
[EventType "swiss"]
[EventRounds "9"]
[EventCountry "TUR"]
[SourceTitle "CBM 215 Extra"]
[Source "ChessBase"]
[SourceDate "2023.09.30"]
[SourceVersion "1"]
[SourceVersionDate "2023.09.30"]
[SourceQuality "1"]

1. e4 c5 2. Nf3 Nc6 3. Bb5 e5 4. c3 Bd6 5. 0-0 Nge7 6. d4 cxd4 7. cxd4 exd4 8. Nxd4 Qc7 9. Nf3 0-0 10. Nc3 a6 11. Ba4 Ne5 12. h3 b5 13. Bb3 Bb7 14. Be3 b4 15. Nd5 Bxd5 16. Bxd5 Nxd5 17. Qxd5 Nxf3+ 18. gxf3 Bf4 19. Rac1 Qb8 20. Rc2 a5 21. Qxd7 Ra6 22. Kh1 Rg6 23. Ba7 Qa8 24. Rd1 Ra6 25. Bc5 Re8 26. Rd5 Rc6 27. Rf5 Rc7 28. Qd5 Qxd5 29. Rxd5 Rec8 30. b3 f6 31. Rc4 Be5 32. Kg2 Bc3 33. f4 a4 34. bxa4 Ra8 35. e5 Kf7 36. a3 Ke6 37. Rd6+ Kf5 38. axb4 Bxb4 39. Rxb4 Rxc5 40. Rd7 Rg8 41. Rbb7 g5 42. fxg5 Rxg5+ 43. Kf3 Rc3+ 44. Ke2 fxe5 45. Rf7+ Ke6 46. Rxh7 Ra3 47. Rh6+ Kd5 48. Rb5+ Kd4 49. Rh4+ Kc3 50. Rc5+ Kb3 51. Rb5+ Kc3 52. Rc5+ Kb3 53. a5 Ra2+ 54. Ke3 Rg2 55. Rxe5 Rgxf2 56. Rhh5 Rae2+ 57. Kd4 Rd2+ 58. Kc5 Ka4 59. Re4+ Kb3 60. Re3+ Ka2 61. Rhe5 Rc2+ 62. Kb5 Rf6 63. Re2 Rxe2 64. Rxe2+ Kb3 65. Re3+ Kb2 66. Re5 Rh6 67. a6 Rh7 68. Kb6 Rh6+ 69. Ka5 Rh7 70. Re6 Kc3 71. Kb6 Kb4 72. a7 Rh8 73. Re7 1-0

[Event "Marmaris Icmeler"]
[Site "Marmaris"]
[Date "2022.05.07"]
[Round "5.4"]
[White "Kilic, Eray"]
[Black "Odeev, Handszar"]
[Result "0-1"]
[WhiteElo "2192"]
[BlackElo "2305"]
[PlyCount "96"]
[EventDate "2022.05.05"]
[EventType "schev"]
[EventRounds "10"]
[EventCountry "TUR"]
[SourceTitle "CBM 208 Extra"]
[Source "ChessBase"]
[SourceDate "2022.07.31"]
[SourceVersion "1"]
[SourceVersionDate "2022.07.31"]
[SourceQuality "1"]

1. e4 e5 2. Nf3 d6 3. d4 exd4 4. Nxd4 Nf6 5. Nc3 Be7 6. Be2 0-0 7. 0-0 Re8 8. f4 Bf8 9. Bf3 c6 10. Nb3 a5 11. Re1 a4 12. Nd4 a3 13. Nb3 axb2 14. Bxb2 Nbd7 15. Kh1 Nb6 16. e5 dxe5 17. fxe5 Qxd1 18. Nxd1 Nc4 19. Bc3 Nd7 20. Nb2 Na3 21. Rad1 Nxc2 22. Re4 Nb6 23. Rd2 Na3 24. Bb4 Bf5 25. Rf4 Rxe5 26. g4 Be6 27. Bxf8 Kxf8 28. Nd3 Re3 29. Ndc5 Bd5 30. Bxd5 Nxd5 31. Rf1 b6 32. Nb7 Nc4 33. Rc2 Re4 34. Nd2 Nxd2 35. Rxd2 Re6 36. Rb1 Ke7 37. Rc1 Rb8 38. Rxd5 cxd5 39. Rc7+ Ke8 40. Kg2 d4 41. Rc4 Rxb7 42. Rxd4 Re2+ 43. Kg3 Rxa2 44. h4 b5 45. Re4+ Kd7 46. h5 b4 47. g5 b3 48. Rf4 b2 0-1

[Event "Mersin op 4th"]
[Site "Mersin"]
[Date "2019.11.17"]
[Round "3"]
[White "Annaberdiev, Meilis"]
[Black "Odeev, Handszar"]
[Result "1/2-1/2"]
[WhiteElo "2515"]
[BlackElo "2329"]
[PlyCount "29"]
[EventDate "2019.11.16"]
[EventType "swiss"]
[EventRounds "9"]
[EventCountry "TUR"]
[SourceTitle "CBM 193 Extra"]
[Source "ChessBase"]
[SourceDate "2020.01.31"]
[SourceVersion "1"]
[SourceVersionDate "2020.01.31"]
[SourceQuality "1"]

1. e4 c5 2. Nf3 d6 3. Nc3 Nf6 4. e5 dxe5 5. Nxe5 a6 6. a4 Qc7 7. Nc4 Nc6 8. Be2 g6 9. d3 Be6 10. Bg5 Bg7 11. Ne3 Rd8 12. 0-0 c4 13. Qe1 cxd3 14. Bxd3 0-0 15. Ne2 1/2-1/2